000 01259cam a22003137a 4500
001 6157
003 FISKH
005 20250321080859.0
008 120516s2011 nyuab j b 000 0 eng d
010 _a 2011275986
020 _a9780545345392
020 _a0545345391
035 _a(OCoLC)ocn760084278
040 _aIHI
_cIHI
_dDLC
_beng
050 _aQC944 .J66
082 _a551.55
100 1 _aJones, Lynda.
245 1 0 _aHurricane disaster /
_cLynda Jones.
260 _aNew York :
_bScholastic,
_c2011.
300 _a32 pages :
_bcolor illustrations, color maps ;
_c26 cm
500 _aAlert! Alert! -- Sea monsters -- Air Force -- Storm factory -- Parts of a hurricane -- Blow, wind, blow -- Where's the storm? -- Hurricane hunters -- Underwater -- Historic hurricanes -- Rescue mission -- Tally up -- How to stop a hurricane -- Future forecast.
504 _aIncludes bibliographical references.
520 _aAnswers such questions as: What is a hurricane? Where does it come from and how does it form? and How do you keep your family safe from a barreling storm?
650 0 _aHurricanes
_vJuvenile literature.
650 1 _aHurricanes.
906 _a7
_bcbc
_ccopycat
_d2
_encip
_f20
_gy-gencatlg
942 _2ddc
_cBK
_n0
999 _c6157
_d6157